Statistics for World : Currency by Country (Yellow Box)

Click here to take the quiz!

General Stats

  • This quiz has been taken 1,503 times
    (687 since last reset)
  • The average score is 124 of 196

Answer Stats

CountryCurrency% Correct
AustraliaAustralian dollar
92%
AustriaEuropean euro
92%
AndorraAndorra / European euro
90%
ArgentinaArgentine peso
90%
BelgiumEuropean euro
88%
BahamasBahamian dollar (alongside US dollar)
85%
CanadaCanadian dollar
85%
BarbadosBarbadian dollar (alongside US dollar)
83%
GermanyEuropean euro
83%
Antigua and BarbudaEast Caribbean dollar
82%
GreeceEuropean euro
82%
ItalyEuropean euro
82%
BelizeBelize dollar (alongside US dollar)
81%
FranceEuropean euro
81%
IrelandEuropean euro
81%
JapanJapanese yen
81%
BelarusBelarusian ruble
80%
ChileChilean peso
79%
IndiaIndian rupee
79%
ChinaChinese Yuan Renminbi
78%
ColombiaColombian peso
78%
LuxembourgEuropean euro
78%
JamaicaJamaican dollar
78%
MexicoMexican peso
78%
DenmarkDanish krone
77%
FinlandEuropean euro
77%
NetherlandsEuropean euro
77%
CyprusEuropean euro
77%
New ZealandNew Zealand dollar
77%
BrazilBrazilian real
76%
LatviaEuropean euro
76%
LithuaniaEuropean euro
76%
MaltaEuropean euro
76%
MonacoNone (European euro)
76%
AlgeriaAlgerian dinar
75%
CubaCuban peso
75%
GrenadaEast Caribbean dollar
75%
PortugalEuropean euro
75%
CroatiaEuropean euro
75%
EstoniaEuropean euro
75%
AfghanistanAfghan afghani
74%
RussiaRussian ruble
74%
AlbaniaAlbanian lek
73%
DominicaEast Caribbean dollar
73%
SpainEuropean euro
73%
San MarinoSammarinese/European euro
73%
BahrainBahraini dinar
72%
Costa RicaCosta Rican colon (alongside US dollar)
72%
FijiFijian dollar
72%
Marshall IslandsNone (United States dollar)
72%
NorwayNorwegian krone
72%
Dominican RepublicDominican peso
71%
Federated States of
Micronesia
None (United States dollar)
71%
ChadCentral African CFA franc
70%
Central African RepublicCentral African CFA franc
70%
SlovakiaEuropean euro
70%
SloveniaEuropean euro
70%
GuyanaGuyanese dollar
70%
IcelandIcelandic krona
70%
IsraelIsraeli new shekel
70%
MontenegroNone (European euro)
70%
United KingdomPound sterling
70%
United StatesUnited States dollar
70%
CameroonCentral African CFA franc
69%
Republic of the CongoCentral African CFA franc
69%
Democratic Republic
of the Congo
Congolese franc
69%
Saint Vincent and the
Grenadines
East Caribbean dollar
69%
Saint Kitts and NevisEast Caribbean dollar
69%
HaitiHaitian gourde (alongside US dollar)
69%
KosovoNone (European euro)
69%
North KoreaNorth Korean won (alongside others)
69%
PanamaPanamanian balboa (alongside US dollar)
69%
PolandPolish zloty
69%
BeninWest African CFA franc
69%
Ivory CoastWest African CFA franc
69%
Saint LuciaEast Caribbean dollar
68%
JordanJordanian dinar
68%
KuwaitKuwaiti dinar
68%
NauruNone (Australian and New Zealand dollar)
68%
KiribatiNone (Australian dollar)
68%
SingaporeSingapore dollar
68%
South KoreaSouth Korean won
68%
Burkina FasoWest African CFA franc
68%
GabonCentral African CFA franc
67%
IraqIraqi dinar (alongside US dollar)
67%
El SalvadorNone (United States dollar)
67%
PalauNone (United States dollar)
67%
PakistanPakistani rupee
67%
SwitzerlandSwiss franc
67%
GuineaGuinean franc
66%
HondurasHonduran lempira (alongside US dollar)
66%
LiberiaLiberian dollar (alongside US dollar)
66%
Vatican CityVatican/European euro
66%
Guinea-BissauWest African CFA franc
66%
BulgariaBulgarian lev
65%
DjiboutiDjiboutian franc
65%
HungaryHungarian forint
65%
EcuadorNone (United States dollar)
65%
Solomon IslandsSolomon Islands dollar
65%
SwedenSwedish krona
65%
BruneiBrunei dollar
64%
Trinidad and TobagoTrinidad and Tobago dollar
64%
UruguayUruguayan peso (alongside US dollar)
64%
BurundiBurundi franc
63%
Equatorial GuineaCentral African CFA franc
63%
Czech RepublicCzech koruna
63%
IndonesiaIndonesian rupiah
63%
LiechtensteinNone (Swiss franc)
63%
Sri LankaSri Lankan rupee
63%
NigerWest African CFA franc
63%
MaliWest African CFA franc
63%
EgyptEgyptian pound
62%
LebanonLebanese pound (alongside US dollar)
62%
LibyaLibyan dinar
62%
South AfricaSouth African rand
62%
TurkeyTurkish lira
62%
ComorosComorian franc
61%
KenyaKenyan shilling
61%
NepalNepalese rupee
61%
East TimorNone (United States dollar)
61%
SenegalWest African CFA franc
61%
BoliviaBolivian boliviano
60%
Bosnia and
Herzegovina
Bosnia and Herzegovina convertible mark
60%
SurinameSurinamese dollar
60%
NamibiaNamibian dollar
59%
PhilippinesPhilippine peso
59%
Saudi ArabiaSaudi Arabian riyal
59%
ThailandThai baht
59%
IranIranian rial
58%
TaiwanNew Taiwan dollar
58%
TuvaluNone (Australian dollar)
58%
PeruPeruvian sol
58%
GuatemalaGuatemalan quetzal
57%
OmanOmani rial
56%
RomaniaRomanian leu
56%
RwandaRwandan franc
56%
AngolaAngolan kwanza
55%
ArmeniaArmenian dram
55%
AzerbaijanAzerbaijan manat
55%
BangladeshBangladeshi taka
55%
Cape VerdeCabo Verdean escudo
55%
CambodiaCambodian riel (alongside US dollar)
55%
MalaysiaMalaysian ringgit
55%
SomaliaSomali shilling (alongside US dollar)
55%
TunisiaTunisian dinar
55%
VietnamVietnamese dong
55%
TogoWest African CFA franc
55%
MoldovaMoldovan leu
54%
MoroccoMoroccan dirham
54%
ZimbabweNone (US dollar alongside others)
54%
QatarQatari riyal
54%
VenezuelaVenezuelan bolivar
54%
ParaguayParaguayan guarani
52%
SerbiaSerbian dinar
52%
MongoliaMongolian tugrik
51%
SyriaSyrian pound
51%
EthiopiaEthiopian birr
50%
KyrgyzstanKyrgyzstani som
50%
LaosLao kip
50%
NigeriaNigerian naira
50%
SudanSudanese pound
50%
United Arab EmiratesUAE dirham
50%
UgandaUgandan shilling
50%
BhutanBhutanese ngultrum
49%
GeorgiaGeorgian lari
49%
GhanaGhanaian cedi
49%
KazakhstanKazakhstani tenge
49%
Sierra LeoneSierra Leonean leone
49%
TanzaniaTanzanian shilling
49%
North MacedoniaMacedonian denar
48%
South SudanSouth Sudanese pound
48%
UkraineUkrainian hryvnia
48%
MyanmarMyanmar kyat
47%
NicaraguaNicaraguan cordoba
47%
BotswanaBotswana pula
46%
MauritiusMauritian rupee
45%
YemenYemeni rial
45%
MadagascarMalagasy ariary
44%
MozambiqueMozambican metical
44%
SeychellesSeychellois rupee
44%
GambiaGambian dalasi
43%
MaldivesMaldivian rufiyaa
43%
UzbekistanUzbekistani som
43%
EritreaEritrean nakfa
42%
Papua New GuineaPapua New Guinean kina
42%
VanuatuVanuatu vatu
42%
LesothoLesotho loti
41%
MalawiMalawian kwacha
41%
TajikistanTajikistani somoni
41%
SamoaSamoan tala
40%
TurkmenistanTurkmen manat
40%
MauritaniaMauritanian ouguiya
39%
São Tomé and PríncipeSao Tome and Principe dobra
39%
ZambiaZambian kwacha
39%
TongaTongan pa’anga
37%
EswatiniSwazi lilangeni
35%

Score Distribution

Percentile by Number Answered

Percent of People with Each Score

Your Score History

You have not taken this quiz since the last reset